[Event "FIDE World Blitz-ch Women 2018"]
[Site "St. Petersburg"]
[Date "2018.12.30"]
[Round "15.39"]
[White "Sudakova, Irina"]
[Black "Ovod, Evgenija"]
[Result "1-0"]
[WhiteElo "2313"]
[BlackElo "2367"]
[Annotator "NA"]
[PlyCount "73"]
[EventDate "2018.12.19"]
[EventType "swiss"]
[EventCountry "RUS"]
[SourceTitle "playchess.com"]
[Source "ChessBase"]
[SourceQuality "1"]

1. e4 e6 2. d4 d5 3. Bd3 dxe4 4. Bxe4 Nf6 5. Bf3 c5 6. Ne2 Nc6 7. Be3 cxd4 8. Nxd4 Ne5 9. Be2 Nd5 10. Qd2 Be7 11. O-O O-O 12. Nc3 Nxe3 13. Qxe3 Bc5 14. Rad1 Ng6 15. Ne4 Bb6 16. Qd2 e5 17. Nb5 Be6 18. Nbd6 Qe7 19. Nc4 Rfd8 20. Qc3 Nf4 21. Bf3 Bd4 22. Qa3 Qc7 23. b3 Bxc4 24. bxc4 Qxc4 25. c3 Bb6 26. Qe7 Re8 27. Qxb7 Rab8 28. Qd7 Ne2+ 29. Bxe2 Qxe2 30. Nd6 Rf8 31. Rde1 Bxf2+ 32. Rxf2 Qxe1+ 33. Rf1 Qe3+ 34. Kh1 Rbd8 35. Qe7 Qc5 36. Rxf7 Qxd6 37. Rxg7+ 1-0

[Event "FIDE World Blitz-ch Women 2018"]
[Site "St. Petersburg"]
[Date "2018.12.30"]
[Round "15.40"]
[White "Shafigullina, Zarina"]
[Black "Tomilova, Elena"]
[Result "0-1"]
[WhiteElo "2140"]
[BlackElo "2338"]
[Annotator "NA"]
[PlyCount "93"]
[EventDate "2018.12.19"]
[EventType "swiss"]
[EventCountry "RUS"]
[SourceTitle "playchess.com"]
[Source "ChessBase"]
[SourceQuality "1"]

1. d4 Nf6 2. Nf3 b6 3. g3 Bb7 4. Bg2 g6 5. O-O Bg7 6. c4 O-O 7. Nc3 Ne4 8. Qc2 Nxc3 9. bxc3 d6 10. Rb1 c5 11. Rd1 Nd7 12. dxc5 Nxc5 13. Nd4 Bxg2 14. Kxg2 Qc7 15. Ba3 Ne6 16. Nxe6 fxe6 17. Qe4 e5 18. h4 Rac8 19. c5 dxc5 20. f3 Rcd8 21. h5 Rd6 22. hxg6 Rxg6 23. Rh1 Qc6 24. Qh4 e4 25. Qxh7+ Kf7 26. Qh5 exf3+ 27. exf3 Rd8 28. Rbd1 Rxd1 29. Rxd1 Qf6 30. Qd5+ Qe6 31. Qxe6+ Rxe6 32. Rd7 Re2+ 33. Kh3 Rxa2 34. Bc1 Bxc3 35. Bg5 Bf6 36. Bxf6 Kxf6 37. g4 c4 38. Kg3 c3 39. Rc7 c2 40. f4 b5 41. g5+ Ke6 42. Kg4 b4 43. f5+ Kd6 44. Rc4 b3 45. g6 Ra1 46. f6 exf6 47. Kf5 0-1

[Event "FIDE World Blitz-ch Women 2018"]
[Site "St. Petersburg"]
[Date "2018.12.30"]
[Round "15.41"]
[White "Sirotkina, Nina"]
[Black "Gromova, Iulia"]
[Result "0-1"]
[WhiteElo "2188"]
[BlackElo "2241"]
[Annotator "NA"]
[PlyCount "84"]
[EventDate "2018.12.19"]
[EventType "swiss"]
[EventCountry "RUS"]
[SourceTitle "playchess.com"]
[Source "ChessBase"]
[SourceQuality "1"]

1. d4 Nf6 2. Bf4 g6 3. e3 Bg7 4. Nf3 O-O 5. Be2 d6 6. h3 Nc6 7. O-O Nd7 8. Bg5 Qe8 9. c3 e5 10. Nbd2 e4 11. Nh2 f5 12. Qb3+ Kh8 13. Rae1 h6 14. Bh4 g5 15. Bg3 Nf6 16. f3 Be6 17. Qc2 Nh5 18. Bf2 d5 19. Qd1 Nf6 20. Bg3 Qd7 21. Nb3 b6 22. Bb5 a6 23. Be2 Ne7 24. Nd2 c6 25. c4 Rac8 26. b3 Ng6 27. f4 gxf4 28. Bxf4 Nxf4 29. Rxf4 Rg8 30. Nhf1 Bf8 31. Rf2 Bd6 32. Qc2 Rg7 33. c5 bxc5 34. dxc5 Be5 35. Bxa6 Rcg8 36. Nb1 f4 37. exf4 Bd4 38. Ne3 Bxh3 39. Kf1 Bxe3 40. Rxe3 Rxg2 41. Rxh3 Qxh3 42. Rxg2 Qh1+ 0-1

[Event "FIDE World Blitz-ch Women 2018"]
[Site "St. Petersburg"]
[Date "2018.12.30"]
[Round "15.42"]
[White "Solozhenkina, Elizaveta"]
[Black "Kabanova, Ekaterina"]
[Result "1/2-1/2"]
[WhiteElo "2258"]
[BlackElo "2095"]
[Annotator "NA"]
[PlyCount "145"]
[EventDate "2018.12.19"]
[EventType "swiss"]
[EventCountry "RUS"]
[SourceTitle "playchess.com"]
[Source "ChessBase"]
[SourceQuality "1"]

1. e4 c5 2. Nf3 e6 3. Nc3 a6 4. d4 cxd4 5. Nxd4 Qc7 6. Qf3 Nf6 7. Be3 d6 8. O-O-O Nbd7 9. Be2 b5 10. e5 Bb7 11. exd6 Bxd6 12. Qh3 Be7 13. Rhg1 b4 14. Na4 Rc8 15. Bd3 Ne5 16. Kb1 Qa5 17. b3 Nxd3 18. cxd3 Nd5 19. Qg3 O-O 20. Rc1 Bf6 21. Qd6 Nc3+ 22. Nxc3 Rxc3 23. Rxc3 bxc3 24. Nc2 Bd5 25. Qb6 Qxb6 26. Bxb6 Rb8 27. Bc7 Rb7 28. Ba5 Rb5 29. Bc7 a5 30. Ne3 c2+ 31. Kc1 Be7 32. Bf4 Rc5 33. Nc4 g5 34. Be3 Rc8 35. Kxc2 a4 36. f4 h6 37. g3 axb3+ 38. axb3 Ra8 39. Rb1 Bf6 40. d4 Kg7 41. Kc3 Be4 42. Rd1 Be7 43. fxg5 hxg5 44. Rf1 Ra2 45. Rf2 Ra1 46. Nd2 Rc1+ 47. Kb2 Rc2+ 48. Ka1 Bd3 49. Nc4 Be2 50. Kb1 Rxc4 51. bxc4 Bxc4 52. Kc2 Bd5 53. Kc3 f6 54. Rb2 Kg6 55. Kd2 f5 56. Ke2 Bd6 57. Rb6 Bc7 58. Rb2 f4 59. Bf2 f3+ 60. Ke3 Kf5 61. Rc2 Bd6 62. h3 Ba3 63. Rc8 Bb4 64. Rb8 Ba3 65. Rd8 Bc1+ 66. Kd3 Ba3 67. Rd7 Kf6 68. Ra7 Bd6 69. Ra6 Bb4 70. Rb6 Ba5 71. Ra6 Bc7 72. Ra7 Bd6 73. Ra6 1/2-1/2

[Event "FIDE World Blitz-ch Women 2018"]
[Site "St. Petersburg"]
[Date "2018.12.30"]
[Round "15.43"]
[White "Gritsayeva, Oksana"]
[Black "Petrova, Irina"]
[Result "1-0"]
[WhiteElo "2378"]
[BlackElo "2124"]
[Annotator "NA"]
[PlyCount "63"]
[EventDate "2018.12.19"]
[EventType "swiss"]
[EventCountry "RUS"]
[SourceTitle "playchess.com"]
[Source "ChessBase"]
[SourceQuality "1"]

1. e4 d6 2. d4 Nf6 3. Nc3 g6 4. Be2 Bg7 5. h4 h5 6. Nf3 c5 7. dxc5 Qa5 8. Ng5 Qxc5 9. Be3 Qa5 10. Qd2 Nc6 11. Bc4 O-O 12. f3 Bd7 13. Bb3 Rac8 14. O-O-O Ne5 15. Kb1 Nc4 16. Qe2 Bb5 17. Nxb5 Qxb5 18. Bxc4 Rxc4 19. Bd4 Rfc8 20. c3 Qc6 21. e5 dxe5 22. Bxe5 b5 23. Rd4 Rxd4 24. Bxd4 a5 25. Qxe7 Rc7 26. Qe2 b4 27. Rc1 Qd5 28. Qe5 Qc4 29. Qxa5 bxc3 30. Qxc3 Qxc3 31. Rxc3 Rd7 32. Rc8+ 1-0

[Event "FIDE World Blitz-ch Women 2018"]
[Site "St. Petersburg"]
[Date "2018.12.30"]
[Round "15.45"]
[White "Lelekova, Olga"]
[Black "Shaydullina, Sandugach"]
[Result "1-0"]
[WhiteElo "2261"]
[BlackElo "2033"]
[Annotator "NA"]
[PlyCount "81"]
[EventDate "2018.12.19"]
[EventType "swiss"]
[EventCountry "RUS"]
[SourceTitle "playchess.com"]
[Source "ChessBase"]
[SourceQuality "1"]

1. e4 c5 2. Nf3 d6 3. d4 cxd4 4. Nxd4 Nf6 5. Nc3 e6 6. Be2 Be7 7. O-O O-O 8. Kh1 Nc6 9. Nb3 a5 10. a4 e5 11. Be3 Be6 12. f4 Nb4 13. f5 Bxb3 14. cxb3 d5 15. exd5 Nfxd5 16. Bg1 Nf4 17. Bf3 Qc8 18. Be4 Rd8 19. Qf3 Nc6 20. Rac1 Ra6 21. g3 g5 22. gxf4 exf4 23. Nd5 Bf8 24. Qh5 h6 25. Nf6+ Kg7 26. Ng4 Rd6 27. f6+ Rxf6 28. Nxf6 Kxf6 29. Qf3 Qe8 30. Bxc6 bxc6 31. Bd4+ Kf5 32. Rce1 Qe6 33. Rxe6 Kxe6 34. Re1+ Kd7 35. Qg4+ Kc7 36. Qf5 c5 37. Bxc5 Bxc5 38. Qxc5+ Kb7 39. Qb5+ Rb6 40. Re7+ Ka8 41. Qxb6 1-0

[Event "FIDE World Blitz-ch Women 2018"]
[Site "St. Petersburg"]
[Date "2018.12.30"]
[Round "15.46"]
[White "Injac, Teodora"]
[Black "Afonasieva, Anna"]
[Result "1/2-1/2"]
[WhiteElo "2325"]
[BlackElo "2207"]
[Annotator "NA"]
[PlyCount "100"]
[EventDate "2018.12.19"]
[EventType "swiss"]
[EventCountry "RUS"]
[SourceTitle "playchess.com"]
[Source "ChessBase"]
[SourceQuality "1"]

1. d4 d5 2. c4 c6 3. Nf3 Nf6 4. Nbd2 e6 5. e3 Nbd7 6. Bd3 Be7 7. O-O O-O 8. e4 dxe4 9. Nxe4 Nxe4 10. Bxe4 Nf6 11. Bc2 h6 12. Qd3 c5 13. Rd1 cxd4 14. Nxd4 Qa5 15. Qg3 Qh5 16. Bf4 Bd7 17. Nf3 Bc6 18. Ne5 Be4 19. Bxe4 Nxe4 20. Qe3 Nd6 21. Rac1 Nf5 22. Qf3 Qxf3 23. Nxf3 Rfd8 24. Ne5 Nd4 25. Kf1 Bf6 26. Nd3 Nc6 27. b3 b6 28. Be3 Rd7 29. Ke2 Rad8 30. Nf4 g5 31. Nh5 Be5 32. g3 Nd4+ 33. Bxd4 Bxd4 34. Rd3 Bc5 35. Rxd7 Rxd7 36. f3 Kf8 37. Rd1 Ke7 38. Rxd7+ Kxd7 39. Nf6+ Kd6 40. Ne4+ Kc6 41. Nxc5 Kxc5 42. Kd3 f5 43. a3 e5 44. b4+ Kc6 45. Ke3 Kd6 46. h3 h5 47. Kd3 Kc6 48. Ke3 a6 49. Kd3 Kd6 50. a4 Kc6 1/2-1/2

[Event "FIDE World Blitz-ch Women 2018"]
[Site "St. Petersburg"]
[Date "2018.12.30"]
[Round "15.47"]
[White "Diakonova, Ekaterina"]
[Black "Garcia Martin, Marta"]
[Result "0-1"]
[WhiteElo "2225"]
[BlackElo "2301"]
[Annotator "NA"]
[PlyCount "86"]
[EventDate "2018.12.19"]
[EventType "swiss"]
[EventCountry "RUS"]
[SourceTitle "playchess.com"]
[Source "ChessBase"]
[SourceQuality "1"]

1. e4 c5 2. Nf3 e6 3. d4 cxd4 4. Nxd4 a6 5. c4 Nf6 6. Nc3 Qc7 7. Bd3 d6 8. Be3 Nbd7 9. f4 g6 10. h3 Bg7 11. Nf3 O-O 12. O-O b6 13. Rc1 Bb7 14. b4 Rac8 15. Qe2 Qb8 16. Na4 Bxe4 17. Rfd1 Bxd3 18. Qxd3 b5 19. cxb5 axb5 20. Nc3 d5 21. Nxb5 Ne4 22. a4 Nb6 23. a5 Nc4 24. Ba7 Qxb5 25. Nd2 Nexd2 26. Rxd2 Qb7 27. Bc5 Nxd2 28. Qxd2 Rfd8 29. Qd3 Bf8 30. a6 Bxc5+ 31. bxc5 Qa7 32. Qd4 Qxa6 33. h4 h5 34. g4 Qa3 35. Rc3 Qa1+ 36. Kf2 Qh1 37. Qf6 Qh2+ 38. Kf1 hxg4 39. h5 Qxh5 40. Rc2 Qf5 41. Qd4 Qxc2 42. f5 Qc4+ 43. Qxc4 dxc4 0-1

[Event "FIDE World Blitz-ch Women 2018"]
[Site "St. Petersburg"]
[Date "2018.12.30"]
[Round "15.48"]
[White "Berend, Elvira"]
[Black "Kirchei, Viktoriia"]
[Result "1-0"]
[WhiteElo "2332"]
[BlackElo "1972"]
[Annotator "NA"]
[PlyCount "99"]
[EventDate "2018.12.19"]
[EventType "swiss"]
[EventCountry "RUS"]
[SourceTitle "playchess.com"]
[Source "ChessBase"]
[SourceQuality "1"]

1. d4 d5 2. Nf3 c6 3. g3 Nf6 4. Bg2 Bg4 5. Ne5 Bf5 6. O-O Nbd7 7. Nd2 Nxe5 8. dxe5 Ng4 9. Nf3 Be4 10. e6 fxe6 11. Ng5 Bxg2 12. Kxg2 Qd7 13. e4 Nf6 14. e5 Ne4 15. Nxe4 dxe4 16. Qg4 O-O-O 17. Be3 Qd5 18. Rfd1 Qxe5 19. Rxd8+ Kxd8 20. Bxa7 g6 21. Bb6+ Kc8 22. Rd1 Bg7 23. Bd4 Qxd4 24. Rxd4 Bxd4 25. Qxe6+ Kb8 26. Qxe4 e5 27. c3 Bxc3 28. bxc3 Re8 29. a4 Kc7 30. a5 Re7 31. Qb4 Re6 32. Qb6+ Kc8 33. c4 Re7 34. a6 bxa6 35. Qxc6+ Kd8 36. Qd6+ Rd7 37. Qxe5 Rc7 38. Qd6+ Kc8 39. Qxa6+ Kb8 40. Qb5+ Kc8 41. c5 Rb7 42. Qc6+ Rc7 43. Qd6 Kb7 44. h4 Rc8 45. g4 Rc7 46. h5 gxh5 47. gxh5 Rg7+ 48. Kh3 Rc7 49. f4 Rf7 50. Qd5+ 1-0

[Event "FIDE World Blitz-ch Women 2018"]
[Site "St. Petersburg"]
[Date "2018.12.30"]
[Round "15.49"]
[White "Paramzina, Anastasya"]
[Black "Strutinskaia, Galina"]
[Result "1-0"]
[WhiteElo "2229"]
[BlackElo "2201"]
[Annotator "NA"]
[PlyCount "77"]
[EventDate "2018.12.19"]
[EventType "swiss"]
[EventCountry "RUS"]
[SourceTitle "playchess.com"]
[Source "ChessBase"]
[SourceQuality "1"]

1. e4 c5 2. Nf3 Nc6 3. d4 cxd4 4. Nxd4 Nf6 5. Nc3 e6 6. a3 Bc5 7. Nb3 Be7 8. Be3 O-O 9. Qe2 a6 10. g4 d6 11. g5 Nd7 12. f4 b5 13. O-O-O Qc7 14. h4 Nb6 15. g6 fxg6 16. h5 Nc4 17. hxg6 h6 18. Bh3 Nxe3 19. Qxe3 b4 20. axb4 Nxb4 21. Kb1 Rb8 22. Nd4 Qb6 23. Rhe1 Nd3 24. b3 Nxe1 25. Qxe1 Rxf4 26. Bxe6+ Bxe6 27. Nxe6 Rf3 28. Nd5 Rxb3+ 29. Kc1 Rb1+ 30. Kd2 Qa5+ 31. c3 Qa2+ 32. Ke3 Bg5+ 33. Nxg5 Rxd1 34. Qxd1 Qh2 35. Ne7+ Kf8 36. Qf1+ Kxe7 37. Qf7+ Kd8 38. Ne6+ Kc8 39. Qc7# 1-0

[Event "FIDE World Blitz-ch Women 2018"]
[Site "St. Petersburg"]
[Date "2018.12.30"]
[Round "15.50"]
[White "Dumcheva, Julia"]
[Black "Arutyunova, Diana"]
[Result "0-1"]
[WhiteElo "2168"]
[BlackElo "2227"]
[Annotator "NA"]
[PlyCount "36"]
[EventDate "2018.12.19"]
[EventType "swiss"]
[EventCountry "RUS"]
[SourceTitle "playchess.com"]
[Source "ChessBase"]
[SourceQuality "1"]

1. e4 d6 2. d4 Nf6 3. Nc3 c6 4. h4 Qa5 5. Nf3 Nxe4 6. Bd2 Nxc3 7. Bxc3 Qc7 8. Qd2 d5 9. O-O-O Bg4 10. Be2 Bxf3 11. Bxf3 Nd7 12. Rde1 e6 13. Kb1 O-O-O 14. Ba5 b6 15. Bc3 Kb7 16. g4 Bd6 17. Qg5 Rhg8 18. Qh5 Nf6 0-1

[Event "FIDE World Blitz-ch Women 2018"]
[Site "St. Petersburg"]
[Date "2018.12.30"]
[Round "15.51"]
[White "Khomeriki, Nino"]
[Black "Bulatova, Kamaliya"]
[Result "0-1"]
[WhiteElo "2347"]
[BlackElo "2007"]
[Annotator "NA"]
[PlyCount "132"]
[EventDate "2018.12.19"]
[EventType "swiss"]
[EventCountry "RUS"]
[SourceTitle "playchess.com"]
[Source "ChessBase"]
[SourceQuality "1"]

1. d4 Nf6 2. Nf3 e6 3. c4 d5 4. e3 Bb4+ 5. Bd2 Bxd2+ 6. Qxd2 O-O 7. Nc3 c6 8. Rc1 Nbd7 9. Bd3 dxc4 10. Bxc4 b5 11. Bd3 Bb7 12. O-O a6 13. e4 c5 14. e5 cxd4 15. Ne2 Ne4 16. Qf4 f5 17. Nexd4 Ndc5 18. Rfd1 Qe7 19. Bb1 Rad8 20. Qe3 Ba8 21. Qa3 Rc8 22. Bxe4 fxe4 23. Nd2 Qf7 24. Rf1 Nd3 25. Rxc8 Rxc8 26. Qxa6 Rf8 27. Qxe6 Rd8 28. Qxf7+ Kxf7 29. Nxb5 Nxb2 30. Nd6+ Ke6 31. N6xe4 Kxe5 32. Re1 Nd3 33. Re3 Kf5 34. h3 h5 35. f3 Nf4 36. g4+ Kg6 37. Kh2 hxg4 38. hxg4 Rb8 39. Kg3 Nd5 40. Rd3 Rb2 41. a4 Ra2 42. Nc5 Bc6 43. Rd4 Nc3 44. Rf4 Ne2+ 45. Kf2 Nxf4 46. Ke3 Nd5+ 47. Kd3 Ra3+ 48. Kd4 Nb6 49. Nd3 Rxa4+ 50. Kc5 Ra3 51. Ne5+ Kg5 52. Nb1 Ra5+ 53. Kxc6 Rxe5 54. Kxb6 Kf4 55. Nd2 Re2 56. Nc4 Kxf3 57. g5 Re6+ 58. Kc5 Kf4 59. Kd5 Re1 60. g6 Kf5 61. Nd6+ Kxg6 62. Ne4 Kf5 63. Nd6+ Kf4 64. Kd4 g5 65. Nc4 Re4+ 66. Kd3 Rxc4 0-1

[Event "FIDE World Blitz-ch Women 2018"]
[Site "St. Petersburg"]
[Date "2018.12.30"]
[Round "15.52"]
[White "Smirnova, Ekaterina"]
[Black "Nguyen, Thi Mai Hung"]
[Result "1/2-1/2"]
[WhiteElo "2192"]
[BlackElo "2280"]
[Annotator "NA"]
[PlyCount "95"]
[EventDate "2018.12.19"]
[EventType "swiss"]
[EventCountry "RUS"]
[SourceTitle "playchess.com"]
[Source "ChessBase"]
[SourceQuality "1"]

1. d4 Nf6 2. c4 g6 3. Nc3 d5 4. cxd5 Nxd5 5. e4 Nxc3 6. bxc3 Bg7 7. Nf3 O-O 8. Be2 c5 9. O-O Nc6 10. Be3 cxd4 11. cxd4 Bg4 12. d5 Bxf3 13. Bxf3 Ne5 14. Be2 e6 15. dxe6 fxe6 16. Qb3 Qe7 17. Rac1 b6 18. f3 Rac8 19. Rfd1 Rfd8 20. Rxd8+ Rxd8 21. Rd1 Rxd1+ 22. Bxd1 Kf7 23. Be2 Qc7 24. a4 Qd6 25. Qc2 Nc6 26. Qd3 Qxd3 27. Bxd3 Bd4 28. Kf2 e5 29. h4 h6 30. Ke2 Bxe3 31. Kxe3 g5 32. hxg5 hxg5 33. g3 Nb4 34. Bc4+ Kf6 35. Be2 Nc2+ 36. Kd3 Nd4 37. Bd1 Ke6 38. f4 gxf4 39. gxf4 a6 40. a5 bxa5 41. Bg4+ Kf6 42. fxe5+ Kxe5 43. Bc8 Nc6 44. Bxa6 Nb4+ 45. Kc4 Nxa6 46. Kb5 Kxe4 47. Kxa5 Nc7 48. Kb6 1/2-1/2

[Event "FIDE World Blitz-ch Women 2018"]
[Site "St. Petersburg"]
[Date "2018.12.30"]
[Round "15.53"]
[White "Vasilevich, Irina"]
[Black "Yurasova, Daria"]
[Result "1-0"]
[WhiteElo "2258"]
[BlackElo "2190"]
[Annotator "NA"]
[PlyCount "82"]
[EventDate "2018.12.19"]
[EventType "swiss"]
[EventCountry "RUS"]
[SourceTitle "playchess.com"]
[Source "ChessBase"]
[SourceQuality "1"]

1. c4 Nf6 2. Nc3 e6 3. e4 d6 4. g3 c5 5. Bg2 Be7 6. Nge2 O-O 7. O-O Nc6 8. d3 Nd4 9. Nxd4 cxd4 10. Ne2 e5 11. h3 Rb8 12. a4 a6 13. Bd2 b5 14. cxb5 axb5 15. a5 b4 16. f4 Ba6 17. Nc1 Rb5 18. Nb3 Nd7 19. Qe1 Nc5 20. Nxc5 dxc5 21. fxe5 Rxa5 22. Qe2 Bb5 23. Rxa5 Qxa5 24. h4 Qa6 25. Qg4 Bxd3 26. Rf2 Qg6 27. Qf3 c4 28. h5 Qe6 29. Bf4 h6 30. Kh2 b3 31. Bh3 Qc6 32. Bf5 Bc2 33. Bc1 c3 34. Qg4 Bg5 35. Bxg5 hxg5 36. e6 cxb2 37. h6 b1=Q 38. hxg7 Qe1 39. exf7+ Rxf7 40. Bh7+ Kxg7 41. Qxg5+ Kf8 1-0

[Event "FIDE World Blitz-ch Women 2018"]
[Site "St. Petersburg"]
[Date "2018.12.30"]
[Round "15.54"]
[White "Borisova, Ekaterina"]
[Black "Geller, Anastasiya"]
[Result "0-1"]
[WhiteElo "2244"]
[BlackElo "2187"]
[Annotator "NA"]
[PlyCount "27"]
[EventDate "2018.12.19"]
[EventType "swiss"]
[EventCountry "RUS"]
[SourceTitle "playchess.com"]
[Source "ChessBase"]
[SourceQuality "1"]

1. d4 e6 2. g3 c5 3. Nf3 Nf6 4. Bg2 Nc6 5. O-O Be7 6. c4 cxd4 7. Nxd4 a6 8. Nc3 O-O 9. b3 Qc7 10. Bb2 b6 11. e4 Bb7 12. Nc2 d6 13. Nd5 e5 14. Nxf6+ 0-1

[Event "FIDE World Blitz-ch Women 2018"]
[Site "St. Petersburg"]
[Date "2018.12.30"]
[Round "15.55"]
[White "Tomashevskaya, Lidia"]
[Black "Sviridova, Vlada"]
[Result "1-0"]
[WhiteElo "2123"]
[BlackElo "2144"]
[Annotator "NA"]
[PlyCount "62"]
[EventDate "2018.12.19"]
[EventType "swiss"]
[EventCountry "RUS"]
[SourceTitle "playchess.com"]
[Source "ChessBase"]
[SourceQuality "1"]

1. e4 e6 2. d4 d5 3. e5 c5 4. c3 Qb6 5. Nf3 Nc6 6. a3 c4 7. Be3 Qxb2 8. Nbd2 Qxc3 9. Be2 Nge7 10. O-O Nf5 11. Kh1 Nxe3 12. fxe3 Qxe3 13. h4 Be7 14. Nb1 O-O 15. g3 f6 16. exf6 Bxf6 17. Kg2 Bd7 18. Ra2 Nxd4 19. Nxd4 Bxd4 20. Rd2 e5 21. Bf3 Bc6 22. Re1 Qh6 23. Kh2 Kh8 24. Bg2 Rad8 25. Qg4 Bd7 26. Qe2 Bf5 27. Rdd1 Bxb1 28. Rxb1 e4 29. Rbd1 Be5 30. Qd2 Qxh4+ 31. Kg1 Qxg3 1-0

[Event "FIDE World Blitz-ch Women 2018"]
[Site "St. Petersburg"]
[Date "2018.12.30"]
[Round "15.56"]
[White "Doan, Thi Van Anh"]
[Black "Molchanova, Tatjana"]
[Result "1/2-1/2"]
[WhiteElo "1950"]
[BlackElo "2245"]
[Annotator "NA"]
[PlyCount "86"]
[EventDate "2018.12.19"]
[EventType "swiss"]
[EventCountry "RUS"]
[SourceTitle "playchess.com"]
[Source "ChessBase"]
[SourceQuality "1"]

1. d4 Nf6 2. Nf3 e6 3. c4 d5 4. Qc2 c6 5. Bg5 Be7 6. e3 Nbd7 7. Nc3 Qa5 8. cxd5 Nxd5 9. Bxe7 Nxe7 10. Bd3 h6 11. O-O O-O 12. a3 b6 13. b4 Qh5 14. Ne4 f5 15. Ng3 Qf7 16. Rac1 Bb7 17. Ne2 g5 18. Ne5 Nxe5 19. dxe5 f4 20. exf4 gxf4 21. f3 Rad8 22. Be4 Nd5 23. Bxd5 Rxd5 24. Nc3 Rxe5 25. Ne4 c5 26. Nd6 Qg7 27. Nxb7 Qxb7 28. bxc5 Rxc5 29. Qg6+ Qg7 30. Qxe6+ Kh8 31. Rxc5 bxc5 32. Qc6 Rg8 33. Rf2 Qa1+ 34. Rf1 Qd4+ 35. Kh1 Kh7 36. Rc1 Rxg2 37. Kxg2 Qd2+ 38. Kh3 Qxc1 39. Qd7+ Kg6 40. Qe6+ Kg7 41. Qe7+ Kg6 42. Qe4+ Kg7 43. Qe5+ Kg6 1/2-1/2

[Event "FIDE World Blitz-ch Women 2018"]
[Site "St. Petersburg"]
[Date "2018.12.30"]
[Round "15.57"]
[White "Romanovskaya, Anna"]
[Black "Makarenko, Alexandra"]
[Result "1-0"]
[WhiteElo "2210"]
[BlackElo "2228"]
[Annotator "NA"]
[PlyCount "51"]
[EventDate "2018.12.19"]
[EventType "swiss"]
[EventCountry "RUS"]
[SourceTitle "playchess.com"]
[Source "ChessBase"]
[SourceQuality "1"]

1. e4 e5 2. Nf3 Nc6 3. Bc4 Nf6 4. d3 Bc5 5. c3 O-O 6. Bb3 d6 7. Nbd2 a6 8. Nf1 Be6 9. Ng3 Ne7 10. Bg5 Ng6 11. Nh5 Qe7 12. h4 Bb6 13. Qd2 Bxb3 14. Bxf6 Qe6 15. Bxg7 Nf4 16. Nxf4 exf4 17. Bxf8 Rxf8 18. axb3 Qxb3 19. Qxf4 Qxb2 20. Qg5+ Kh8 21. Qf6+ Kg8 22. O-O Re8 23. Ng5 Rf8 24. Qh6 Bxf2+ 25. Rxf2 Qxa1+ 26. Kh2 1-0

[Event "FIDE World Blitz-ch Women 2018"]
[Site "St. Petersburg"]
[Date "2018.12.30"]
[Round "15.58"]
[White "Loskutova, Viktoriya"]
[Black "Iljushina, Olga"]
[Result "0-1"]
[WhiteElo "2105"]
[BlackElo "2259"]
[Annotator "NA"]
[PlyCount "128"]
[EventDate "2018.12.19"]
[EventType "swiss"]
[EventCountry "RUS"]
[SourceTitle "playchess.com"]
[Source "ChessBase"]
[SourceQuality "1"]

1. e4 c5 2. Nf3 Nc6 3. d4 cxd4 4. Nxd4 g6 5. Nc3 Bg7 6. Be3 Nf6 7. Nxc6 bxc6 8. e5 Nd5 9. Nxd5 cxd5 10. Qxd5 Rb8 11. b3 Bb7 12. Qd2 Bxe5 13. Rd1 O-O 14. f4 Bf6 15. Bd4 Bxd4 16. Qxd4 Qa5+ 17. Kf2 Qxa2 18. Bd3 Qa5 19. Rhe1 Rfe8 20. Kg1 d6 21. Bc4 Qb6 22. Qxb6 axb6 23. Bb5 Rec8 24. Rd2 Rc7 25. Rde2 e6 26. Rd1 d5 27. c4 Rd8 28. Kf2 Rcc8 29. Red2 Kf8 30. g3 Ke7 31. cxd5 Rxd5 32. Rxd5 Bxd5 33. Rd3 Rc2+ 34. Ke3 Rxh2 35. Rc3 Rg2 36. Kd4 Kf6 37. Ba6 Rb2 38. Bc4 Rd2+ 39. Ke3 Rg2 40. Kd4 Bxc4 41. Kxc4 h5 42. Kb5 g5 43. fxg5+ Kxg5 44. Kxb6 Kg4 45. b4 Rxg3 46. Rc4+ Kg5 47. Rc7 f5 48. b5 h4 49. Ka7 Ra3+ 50. Kb7 Rb3 51. b6 h3 52. Rh7 Kg4 53. Ka7 f4 54. b7 e5 55. b8=Q Rxb8 56. Kxb8 f3 57. Rg7+ Kf4 58. Rf7+ Kg3 59. Rg7+ Kf2 60. Rh7 e4 61. Rxh3 e3 62. Rh2+ Kg3 63. Rh8 e2 64. Rg8+ Kf2 0-1

[Event "FIDE World Blitz-ch Women 2018"]
[Site "St. Petersburg"]
[Date "2018.12.30"]
[Round "15.59"]
[White "Bogumil, Tatiana"]
[Black "Komiagina, Maria"]
[Result "0-1"]
[WhiteElo "2114"]
[BlackElo "2234"]
[Annotator "NA"]
[PlyCount "54"]
[EventDate "2018.12.19"]
[EventType "swiss"]
[EventCountry "RUS"]
[SourceTitle "playchess.com"]
[Source "ChessBase"]
[SourceQuality "1"]

1. Nf3 Nf6 2. c4 g6 3. b3 Bg7 4. Bb2 d6 5. d4 O-O 6. Nc3 Nbd7 7. e4 e5 8. Be2 Re8 9. d5 Nh5 10. g3 Nc5 11. b4 Nd7 12. Nd2 Nhf6 13. Nb3 Nf8 14. c5 Bh3 15. f3 Bd7 16. O-O h5 17. a4 N6h7 18. Ba3 Bh3 19. Re1 f5 20. Nd2 Bh6 21. Nc4 f4 22. Kf2 g5 23. b5 dxc5 24. Bxc5 Nd7 25. Bb4 g4 26. d6 c6 27. Na5 Qb6+ 0-1

[Event "FIDE World Blitz-ch Women 2018"]
[Site "St. Petersburg"]
[Date "2018.12.30"]
[Round "15.60"]
[White "Belova, Olga"]
[Black "Maroroa, Sue"]
[Result "1/2-1/2"]
[WhiteElo "2069"]
[BlackElo "2120"]
[Annotator "NA"]
[PlyCount "149"]
[EventDate "2018.12.19"]
[EventType "swiss"]
[EventCountry "RUS"]
[SourceTitle "playchess.com"]
[Source "ChessBase"]
[SourceQuality "1"]

1. d4 Nf6 2. Nc3 d5 3. Bg5 c5 4. dxc5 e6 5. Na4 Bd7 6. Qd4 Qa5+ 7. Nc3 Nc6 8. Qh4 d4 9. Bxf6 gxf6 10. Qxf6 Rg8 11. Nf3 dxc3 12. Qxc3 Qxc3+ 13. bxc3 Bxc5 14. e4 O-O-O 15. g3 f5 16. Bd3 f4 17. Ke2 e5 18. Bc4 Rg7 19. Bd5 Bg4 20. h3 Bxf3+ 21. Kxf3 Rf8 22. g4 Ne7 23. Be6+ Kc7 24. Rhd1 Nc6 25. Rab1 h5 26. Rd5 Re8 27. Bf5 b6 28. Rbd1 Ree7 29. gxh5 Rg5 30. h6 Rh5 31. h7 Rhxh7 32. Bxh7 Rxh7 33. Rh1 Rh4 34. Ke2 a5 35. a4 Ne7 36. Rxe5 Ng6 37. Rg5 Ne7 38. Rg4 Rh5 39. Rxf4 Nc6 40. Rf7+ Kd6 41. f4 Ke6 42. Rg7 Ne7 43. h4 Kf6 44. Rg5 Rh6 45. h5 Ba3 46. Rb1 Bc5 47. Kf3 Ke6 48. f5+ Kf6 49. Kg4 Be3 50. e5+ Kxe5 51. Re1 Ke4 52. Rg7 Nxf5 53. Rg6 Rh7 54. Re6+ Kd5 55. Kxf5 Rxh5+ 56. Kg6 Rg5+ 57. Kf7 Rf5+ 58. Rf6 Rxf6+ 59. Kxf6 Bc5 60. Rb1 Kc4 61. Rb3 Be3 62. Ke5 Kc5 63. Ke4 Bd2 64. Kd3 Be1 65. Rb5+ Kc6 66. Kc4 Bf2 67. Rf5 Bg1 68. Rf6+ Kc7 69. Kb5 Be3 70. c4 Bg1 71. Rg6 Bf2 72. Rg7+ Kd6 73. Rb7 Ke5 74. Rxb6 Kd4 75. c5 1/2-1/2